López Rega /
Guardado en:
| Autor Corporativo: | |
|---|---|
| Formato: | |
| Series: | Crónicas de Archivo
|
| Materias: | |
| Etiquetas: |
Agregar Etiqueta
Sin Etiquetas, Sea el primero en etiquetar este registro!
|
| LEADER | 00899ngm a22002535g 4500 | ||
|---|---|---|---|
| 001 | CEM.cems022984 | ||
| 008 | 130507b2010##################0###0#####d | ||
| 005 | 20241128153043.0 | ||
| 245 | 1 | 0 | |a López Rega / |c Canal Encuentro. |
| 300 | |a 28'. | ||
| 490 | 0 | |a Crónicas de Archivo | |
| 500 | |a En soporte VHS, consultar en ventanilla. | ||
| 505 | 0 | |a López Rega: su llegada al peronismo. Influencia sobre Isabel de Perón. Sus ambiciones políticas. La triple A. Su poder luego de la muerte de Perón. | |
| 538 | |a Soporte: VHS - Norma: Pal N - Color: Si - Grabación DRD 2010 - Hitachi=0000 | ||
| 110 | 2 | |a Canal Encuentro. | |
| 082 | 9 | 8 | |/ CRO |
| 653 | |a HISTORIA ARGENTINA | ||
| 653 | |a LOPEZ REGA | ||
| 653 | |a PERON | ||
| 653 | |a ISABEL | ||
| 653 | |a TRIPLE A | ||
| 653 | |a NIVEL PRIMARIO | ||
| 653 | |a NIVEL SECUNDARIO | ||
| 859 | |a CEMS |b BIB. CEMS - Depto. Recursos Didacticos |h 982 |i CRO |k DRD |p 1627.12 |t Ej.1 | ||
